Statistics for NCAA Basketball Team With The Most Titles

Click here to take the quiz!

General Stats

  • This quiz has been taken 74 times
  • The average score is 9 of 10

Answer Stats

TitlesAnswer% Correct
11 Most Recent Title: 1995 BruinsUCLA
98%
7 Most Recent Title: 2012 WildcatsKentucky
98%
5 Most Recent Title: 2009 Tar HeelsNorth Carolina
95%
4 Most Recent Title: 2010 Blue DevilsDuke
95%
3 Most Recent Title: 2008 JayhawksKansas
95%
2 Most Recent Title: 2007 GatorsFlorida
94%
5 Most Recent Title:1987 HoosiersIndiana
91%
3 Most Recent Title: 2011 HuskiesConnecticut
83%
2 Most Recent Title: 1986 CardinalsLouisville
80%
2 Most Recent Title: 1962 BearcatsCincinnati
70%

Score Distribution

Percentile by Number Answered

Percent of People with Each Score

Your Score History

You have not taken this quiz